000
00309nam a22001457a 4500
008
210310b ||||| |||| 00| 0 eng d
020
_a
2900321733176
041
_a
eng
080
_2
9th
_a
53
082
_a
53
100
_a
43
101
_a
FIZ
245
_a
College Physics
_c
Young, H. D
942
_2
udc
_c
BK
999
_c
56187
_d
56187